| 000 | 00803nam a2200241Ia 4500 | ||
|---|---|---|---|
| 005 | 20240530110944.0 | ||
| 008 | 140319s2021 ua a f 000 0 ara d | ||
| 017 |
_a2020/16699 _bمصر. دار الكتب |
||
| 020 | _a9789776840072 | ||
| 040 |
_aGCL / _cGCL |
||
| 082 | 0 | 4 |
_221 _a741.67 _bم ت |
| 100 | 0 | _aمهند الداود | |
| 245 | 1 | 2 |
_aالتغريب فى الاعلان / _cمهند الداود |
| 250 | _aط. 1 | ||
| 260 |
_aالاسكندرية : _bدار الوفاء لدنيا الطباعة و النشر، _c2021. |
||
| 300 |
_a152 ص. : _bايض ؛ _c24 سم. |
||
| 650 | 0 | 7 | _aالاعلان |
| 650 | 0 | 7 | _aالدعاية |
| 650 | 0 | 7 | _aالاعلانات |
| 650 | 0 | 7 |
_aالاعلانات _xتصميم |
| 942 |
_2ddc _cBK |
||
| 999 |
_c66877 _d66877 |
||